Dilli door hai /دلی دور ہے (Urdu) / (Record no. 187860)

000 -LEADER
fixed length control field 00417 a2200157 4500
003 - CONTROL NUMBER IDENTIFIER
control field NUST
005 - DATE AND TIME OF LATEST TRANSACTION
control field 20230317163034.0
040 ## - CATALOGING SOURCE
Transcribing agency Nust
082 ## - DEWEY DECIMAL CLASSIFICATION NUMBER
Classification number 920,ABB
100 ## - MAIN ENTRY--PERSONAL NAME
Personal name Abbasi, Qamer Ali
9 (RLIN) 110527
245 ## - TITLE STATEMENT
Title Dilli door hai /دلی دور ہے (Urdu) /
Statement of responsibility, etc. Qamar Ali Abbasi
260 ## - PUBLICATION, DISTRIBUTION, ETC.
Place of publication, distribution, etc. Karachi
Name of publisher, distributor, etc. Fazli Sons
Date of publication, distribution, etc. 1998
300 ## - PHYSICAL DESCRIPTION
Extent 305:p.
650 ## - SUBJECT ADDED ENTRY--TOPICAL TERM
Topical term or geographic name entry element Urdu Literature
General subdivision Biography
9 (RLIN) 110528
942 ## - ADDED ENTRY ELEMENTS (KOHA)
Source of classification or shelving scheme
Koha item type Book
Call number prefix 920,ABB
Holdings
Withdrawn status Lost status Source of classification or shelving scheme Damaged status Not for loan Permanent Location Current Location Shelving location Date acquired Full call number Barcode Date last seen Price effective from Koha item type Public note
          Military College of Signals (MCS) Military College of Signals (MCS) General Stacks 12/12/2016 920,ABB MCS30687 12/08/2016 12/12/2016 Book Almirah No.66, Shelf No.5
© 2023 Central Library, National University of Sciences and Technology. All Rights Reserved.